Проблема структуры гуманитарной и социально-экономической подготовки бакалавров в техническом вузе; Организация учебного процесса и технология обучения в системе многоуровневой подготовки специалистов

Dettagli Bibliografici
Parent link:Организация учебного процесса и технология обучения в системе многоуровневой подготовки специалистов.— 1995.— С. 74-75
Autore principale: Камышев Э. Н. Эдуард Николаевич
Lingua:russo
Pubblicazione: 1995
Soggetti:
Natura: MixedMaterials Capitolo di libro
KOHA link:https://koha.lib.tpu.ru/cgi-bin/koha/opac-detail.pl?biblionumber=230651

MARC

LEADER 00000naa2a2200000 4500
001 230651
005 20231031202555.0
035 |a (RuTPU)RU\TPU\book\251559 
035 |a RU\TPU\book\169024 
090 |a 230651 
100 |a 20130123d1995 k y0rusy50 ca 
101 0 |a rus 
102 |a RU 
200 1 |a Проблема структуры гуманитарной и социально-экономической подготовки бакалавров в техническом вузе   |f Э. Н. Камышев 
463 1 |0 (RuTPU)RU\TPU\book\335  |t Организация учебного процесса и технология обучения в системе многоуровневой подготовки специалистов  |o тезисы докладов  |f под ред. Г. А. Сипайлова  |v С. 74-75  |d 1995  |p 95 с. 
610 1 |a труды учёных ТПУ 
700 1 |a Камышев  |b Э. Н.  |c профессор кафедры социологии, психологии и права ТПУ  |f 1943-  |g Эдуард Николаевич  |2 stltpush  |3 (RuTPU)RU\TPU\pers\19796 
801 1 |a RU  |b 63413507  |c 20090319  |g PSBO 
801 2 |a RU  |b 63413507  |c 20150908  |g PSBO 
942 |c BK